[Event "BCF-chT1a 1718 (4NCL)"]
[Site "England"]
[Date "2017.11.12"]
[Round "2.33"]
[White "Bailey, Kevin J"]
[Black "Wu, Christopher"]
[Result "0-1"]
[WhiteElo "2009"]
[BlackElo "2336"]
[PlyCount "100"]
[EventDate "2017.11.11"]
[EventType "team-swiss"]
[EventRounds "11"]
[EventCountry "ENG"]
[SourceTitle "CBM 181 Extra"]
[Source "ChessBase"]
[SourceDate "2017.12.12"]
[SourceVersion "1"]
[SourceVersionDate "2017.12.12"]
[SourceQuality "1"]
[WhiteTeam "The ADS"]
[BlackTeam "Oxford"]
[WhiteTeamCountry "ENG"]
[BlackTeamCountry "ENG"]

1. d4 Nf6 2. Nf3 e6 3. Bf4 b6 4. e3 Bb7 5. c3 Be7 6. h3 0-0 7. Bd3 Ne4 8. 0-0 f5 9. Nbd2 Bf6 10. Qc2 Nxd2 11. Nxd2 d6 12. Bh2 Bg5 13. Rae1 Qf6 14. e4 Nd7 15. exf5 exf5 16. Bc4+ Kh8 17. Re6 Qd8 18. Bd3 Bd5 19. Re2 g6 20. c4 Bb7 21. d5 a5 22. Nf3 Bf6 23. Bf4 Nc5 24. Rfe1 c6 25. dxc6 Bxc6 26. Nd2 Qd7 27. Nf1 d5 28. Be5 Bxe5 29. Rxe5 d4 30. f3 Qd6 31. R5e2 Rae8 32. Rxe8 Bxe8 33. Qe2 Bc6 34. Qd2 Ne6 35. a3 Nf4 36. b4 axb4 37. axb4 Nxd3 38. Qxd3 Rd8 39. b5 Be8 40. Nd2 Bf7 41. Kf2 Qb4 42. Rc1 Kg8 43. Rb1 Qe7 44. Re1 Qh4+ 45. Kf1 Ra8 46. Qc2 Ra3 47. Qb2 Re3 48. Re2 Qe7 49. Rxe3 dxe3 50. Nb1 Bxc4+ 0-1

[Event "BCF-chT3S 1415 (4NCL)"]
[Site "England"]
[Date "2014.11.16"]
[Round "2.80"]
[White "Bailey, Kevin J"]
[Black "Davison, Chris"]
[Result "0-1"]
[WhiteElo "2024"]
[BlackElo "1897"]
[PlyCount "86"]
[EventDate "2014.11.15"]
[EventType "team-swiss"]
[EventRounds "6"]
[EventCountry "ENG"]
[SourceTitle "CBM 163 Extra"]
[Source "ChessBase"]
[SourceDate "2014.12.23"]
[SourceVersion "1"]
[SourceVersionDate "2014.12.23"]
[SourceQuality "1"]
[WhiteTeam "Poisoned Pawns"]
[BlackTeam "Iceni"]
[WhiteTeamCountry "ENG"]
[BlackTeamCountry "ENG"]

1. d4 d6 2. e4 g6 3. Nc3 Bg7 4. g3 Nc6 5. d5 Nd4 6. Be3 c5 7. dxc6 Nxc6 8. Qd2 Nf6 9. Bh6 0-0 10. h4 Qa5 11. Bxg7 Kxg7 12. Be2 h5 13. a3 Bd7 14. f3 a6 15. Nh3 b5 16. Nf4 Qb6 17. Ncd5 Nxd5 18. Nxd5 Qd4 19. c3 Qxd2+ 20. Kxd2 Ra7 21. a4 bxa4 22. Rxa4 Rb8 23. b4 e6 24. Ne3 a5 25. b5 Nd8 26. c4 Nb7 27. Rha1 Nc5 28. R4a3 f5 29. exf5 gxf5 30. Kc3 d5 31. Kd4 Rc7 32. cxd5 Kf6 33. f4 a4 34. Bc4 Ke7 35. Rb1 Kd6 36. b6 Rcb7 37. dxe6 Bxe6 38. Bxe6 Nxe6+ 39. Kc4 Rc8+ 40. Kd3 Nc5+ 41. Ke2 Rf8 42. Nc4+ Kd5 43. Ne5 Rfb8 0-1

[Event "Gatwick e2e4 op-A"]
[Site "Gatwick"]
[Date "2011.06.17"]
[Round "1"]
[White "Bailey, Kevin J"]
[Black "Arkell, Keith C"]
[Result "0-1"]
[WhiteElo "2026"]
[BlackElo "2419"]
[PlyCount "74"]
[EventDate "2011.06.17"]
[EventType "swiss"]
[EventRounds "5"]
[EventCountry "ENG"]
[SourceTitle "CBM 143 Extra"]
[Source "ChessBase"]
[SourceDate "2011.08.29"]
[SourceVersion "1"]
[SourceVersionDate "2011.08.29"]
[SourceQuality "1"]

1. e4 c6 2. d4 d5 3. e5 c5 4. dxc5 Nc6 5. Bb5 Qa5+ 6. Nc3 e6 7. Be3 Bd7 8. Bxc6 Bxc6 9. Nf3 Bxc5 10. Bxc5 Qxc5 11. 0-0 Ne7 12. Nd4 0-0 13. Qd3 Bd7 14. Kh1 Rac8 15. f4 b5 16. Nce2 a5 17. Rf3 f6 18. exf6 Rxf6 19. Raf1 Ng6 20. Qd2 b4 21. c3 Rcf8 22. cxb4 axb4 23. Nb3 Qd6 24. f5 Nh4 25. Rf4 Rxf5 26. Rxf5 Nxf5 27. Rf4 Bb5 28. Ned4 Nxd4 29. Rxf8+ Qxf8 30. Qxd4 Qf1+ 31. Qg1 Qxg1+ 32. Kxg1 e5 33. Nc5 Kf7 34. a4 bxa3 35. bxa3 Ke7 36. Kf2 Kd6 37. Nb3 d4 0-1

[Event "BCF-chT2 1011 (4NCL)"]
[Site "England"]
[Date "2011.04.30"]
[Round "9.66"]
[White "Haria, Ravi"]
[Black "Bailey, Kevin J"]
[Result "1-0"]
[WhiteElo "1984"]
[BlackElo "2029"]
[PlyCount "89"]
[EventDate "2010.11.06"]
[EventType "team-swiss"]
[EventRounds "11"]
[EventCountry "ENG"]
[SourceTitle "EXT 2012"]
[Source "ChessBase"]
[SourceDate "2011.11.24"]
[SourceVersion "1"]
[SourceVersionDate "2011.11.24"]
[SourceQuality "1"]
[WhiteTeam "Kings Head"]
[BlackTeam "Poisoned Pawns II"]
[WhiteTeamCountry "ENG"]
[BlackTeamCountry "ENG"]

1. e4 c5 2. Nf3 e6 3. c3 d5 4. e5 d4 5. Bd3 Nc6 6. 0-0 Nge7 7. Re1 Ng6 8. Bxg6 hxg6 9. d3 Be7 10. a4 b6 11. Na3 Bb7 12. Nc4 0-0 13. Qe2 dxc3 14. bxc3 Ba6 15. Bf4 Qd7 16. Nd6 Na5 17. Rad1 Qxa4 18. Bg5 Qd7 19. Bxe7 Qxe7 20. Qe4 Bb7 21. Qg4 Bxf3 22. Qxf3 Rad8 23. Ne4 Qh4 24. g3 Qh5 25. Qg2 Qxe5 26. f4 Qd5 27. Qh3 Qh5 28. Qg2 Rfe8 29. Ng5 Qg4 30. Nf3 f6 31. Re3 Kf7 32. Rf1 Kg8 33. h3 Qh5 34. Rfe1 Qd5 35. c4 Qc6 36. Qe2 Rd6 37. Nh4 g5 38. fxg5 fxg5 39. Ng6 e5 40. Nxe5 Qc8 41. Qh5 Rh6 42. Qf7+ Kh7 43. Nf3 Rxe3 44. Nxg5+ Kh8 45. Rxe3 1-0

[Event "Sunningdale op"]
[Site "Sunningdale"]
[Date "2010.09.11"]
[Round "4"]
[White "Bailey, Kevin J"]
[Black "Lock, Gavin R"]
[Result "1/2-1/2"]
[WhiteElo "2011"]
[BlackElo "2198"]
[PlyCount "23"]
[EventDate "2010.09.10"]
[EventType "swiss"]
[EventRounds "5"]
[EventCountry "ENG"]
[SourceTitle "CBM 138 Extra"]
[Source "ChessBase"]
[SourceDate "2010.10.29"]
[SourceVersion "1"]
[SourceVersionDate "2010.10.29"]
[SourceQuality "1"]

1. d4 f5 2. Nc3 d5 3. Bf4 a6 4. e3 Nf6 5. Bd3 e6 6. Nf3 c5 7. dxc5 Bxc5 8. 0-0 0-0 9. Ne2 Nc6 10. Ned4 Bd7 11. Nxc6 bxc6 12. c4 1/2-1/2

[Event "Sunningdale op"]
[Site "Sunningdale"]
[Date "2010.09.11"]
[Round "3"]
[White "Seyfried, Claus"]
[Black "Bailey, Kevin J"]
[Result "1/2-1/2"]
[WhiteElo "2139"]
[BlackElo "2011"]
[PlyCount "69"]
[EventDate "2010.09.10"]
[EventType "swiss"]
[EventRounds "5"]
[EventCountry "ENG"]
[SourceTitle "CBM 138 Extra"]
[Source "ChessBase"]
[SourceDate "2010.10.29"]
[SourceVersion "1"]
[SourceVersionDate "2010.10.29"]
[SourceQuality "1"]

1. e4 e6 2. d4 d5 3. Nd2 Nc6 4. Ngf3 Nf6 5. e5 Nd7 6. Bd3 f6 7. Ng5 Ndxe5 8. dxe5 fxg5 9. Qh5+ g6 10. Bxg6+ Kd7 11. 0-0 Nxe5 12. Bd3 Nxd3 13. cxd3 Qe8 14. Qxg5 Qg6 15. Nf3 Qxg5 16. Bxg5 Bg7 17. d4 c5 18. Rac1 c4 19. Rfe1 Rf8 20. Re2 b5 21. b3 Kc6 22. Bd2 h6 23. Ne5+ Kb6 24. Bb4 Rf5 25. Bc5+ Kb7 26. Nf3 Kc6 27. Nd2 Bd7 28. a4 a6 29. Ra1 Kb7 30. Rb1 Kc7 31. Re3 h5 32. h3 Bh6 33. Re2 Bxd2 34. Rxd2 cxb3 35. axb5 1/2-1/2

[Event "Uxbridge e2e4 Autumn Challengers-E"]
[Site "Uxbridge"]
[Date "2010.08.14"]
[Round "7"]
[White "Quinn, John M"]
[Black "Bailey, Kevin J"]
[Result "1-0"]
[WhiteElo "2143"]
[BlackElo "2047"]
[PlyCount "65"]
[EventDate "2010.08.11"]
[EventType "tourn"]
[EventRounds "9"]
[EventCountry "ENG"]
[SourceTitle "CBM 137 Extra"]
[Source "ChessBase"]
[SourceDate "2010.09.01"]
[SourceVersion "1"]
[SourceVersionDate "2010.09.01"]
[SourceQuality "1"]

1. d4 e6 2. c4 f5 3. g3 Nf6 4. Bg2 Be7 5. Nf3 d6 6. 0-0 0-0 7. Nc3 a5 8. b3 Qe8 9. Qc2 Nc6 10. Bb2 e5 11. dxe5 dxe5 12. Nb5 Bd8 13. Rad1 e4 14. Nfd4 Nxd4 15. Bxd4 Bd7 16. a4 Ra6 17. Qd2 Bxb5 18. axb5 Ra8 19. Bxf6 Bxf6 20. Qd5+ Kh8 21. e3 Be5 22. Qxb7 Bd6 23. Rd5 Rb8 24. Qa7 Rc8 25. Qd4 Be7 26. Rd1 Bf6 27. Qc5 Qe7 28. Qc6 Be5 29. Rd7 Qf6 30. Qxf6 Rxf6 31. c5 Re8 32. Re7 Rff8 33. Rdd7 1-0

[Event "Uxbridge e2e4 Autumn Challengers-E"]
[Site "Uxbridge"]
[Date "2010.08.13"]
[Round "5"]
[White "Merry, Alan B"]
[Black "Bailey, Kevin J"]
[Result "1-0"]
[WhiteElo "1931"]
[BlackElo "2047"]
[PlyCount "59"]
[EventDate "2010.08.11"]
[EventType "tourn"]
[EventRounds "9"]
[EventCountry "ENG"]
[SourceTitle "CBM 137 Extra"]
[Source "ChessBase"]
[SourceDate "2010.09.01"]
[SourceVersion "1"]
[SourceVersionDate "2010.09.01"]
[SourceQuality "1"]

1. e4 e6 2. d4 d5 3. Nc3 Bb4 4. e5 c5 5. Bd2 Nh6 6. Nb5 Bxd2+ 7. Qxd2 0-0 8. dxc5 Nc6 9. Nf3 b6 10. cxb6 Qxb6 11. c3 Rb8 12. Rb1 Ng4 13. Qe2 Ba6 14. a4 f6 15. exf6 Rxf6 16. h3 Nh6 17. Qe3 Qxe3+ 18. fxe3 Nf5 19. Nbd4 Bb7 20. Nxf5 Rxf5 21. Bd3 Rf6 22. 0-0 e5 23. e4 dxe4 24. Bxe4 Ba6 25. Bd5+ Kh8 26. Rfe1 h6 27. b4 Bd3 28. Ra1 Rd6 29. Bxc6 Rxc6 30. Nxe5 1-0

[Event "Uxbridge e2e4 Autumn Challengers-E"]
[Site "Uxbridge"]
[Date "2010.08.12"]
[Round "3"]
[White "Bailey, Kevin J"]
[Black "Stevenson, James"]
[Result "1/2-1/2"]
[WhiteElo "2047"]
[BlackElo "2097"]
[PlyCount "48"]
[EventDate "2010.08.11"]
[EventType "tourn"]
[EventRounds "9"]
[EventCountry "ENG"]
[SourceTitle "CBM 137 Extra"]
[Source "ChessBase"]
[SourceDate "2010.09.01"]
[SourceVersion "1"]
[SourceVersionDate "2010.09.01"]
[SourceQuality "1"]

1. c4 g6 2. g3 Bg7 3. Bg2 Nf6 4. Nc3 0-0 5. d4 d6 6. Nf3 Nbd7 7. 0-0 e5 8. e4 Re8 9. Re1 c6 10. h3 exd4 11. Nxd4 a5 12. Rb1 Nc5 13. b3 Nfd7 14. f4 Qe7 15. Be3 Nf6 16. Bf2 Bd7 17. Qd2 Red8 18. Rbd1 Ne8 19. Kh2 h5 20. Re2 Bh6 21. h4 Bg4 22. Bf3 Bxf3 23. Nxf3 Nf6 24. Qe1 Ng4+ 1/2-1/2

[Event "Uxbridge op"]
[Site "Uxbridge"]
[Date "2010.03.20"]
[Round "2"]
[White "Bailey, Kevin J"]
[Black "Houska, Jovanka"]
[Result "0-1"]
[WhiteElo "2076"]
[BlackElo "2392"]
[PlyCount "120"]
[EventDate "2010.03.19"]
[EventType "swiss"]
[EventRounds "5"]
[EventCountry "ENG"]
[SourceTitle "CBM 135 Extra"]
[Source "ChessBase"]
[SourceDate "2010.05.04"]
[SourceVersion "1"]
[SourceVersionDate "2010.05.04"]
[SourceQuality "1"]

1. d4 d5 2. c4 c6 3. Nc3 Nf6 4. cxd5 cxd5 5. f3 Nc6 6. e4 e6 7. e5 Nd7 8. f4 Nb6 9. Nf3 Be7 10. Bd3 Bd7 11. 0-0 Rc8 12. Be3 Na5 13. Rc1 Nac4 14. Qe2 Nxe3 15. Qxe3 g6 16. Nd2 0-0 17. Ne2 Bc6 18. Qh3 Kg7 19. g4 Nc4 20. Rc2 Nxd2 21. Rxd2 f6 22. Rdd1 fxe5 23. fxe5 Qb6 24. b3 Bg5 25. Qg3 Bb5 26. Rxf8 Rxf8 27. Rf1 Rxf1+ 28. Kxf1 Bd7 29. h4 Be7 30. g5 Qa5 31. a4 Qd2 32. Bb5 Bc8 33. Qf3 Qc2 34. Be8 Qf5 35. Qxf5 gxf5 36. Nf4 Kf8 37. Bh5 Bd7 38. Be2 a6 39. Kf2 Ba3 40. Nh5 Bc6 41. Bd3 Bb2 42. Ke3 Kf7 43. Be2 Bc3 44. Nf6 Kg7 45. Nh5+ Kf7 46. Nf6 Be1 47. Nxh7 Bxh4 48. Bh5+ Kg7 49. g6 b5 50. axb5 Bxb5 51. Nf6 Bg5+ 52. Kf3 a5 53. Nh7 Bh4 54. Nf6 Bxf6 55. exf6+ Kxf6 56. Kf4 Bd3 57. g7 Kxg7 58. Ke5 Bc2 59. Kxe6 Bxb3 60. Kxf5 a4 0-1

[Event "Uxbridge Fischer"]
[Site "Uxbridge"]
[Date "2010.02.16"]
[Round "7"]
[White "Bailey, Kevin J"]
[Black "Josse, Mark"]
[Result "1/2-1/2"]
[WhiteElo "2103"]
[BlackElo "2064"]
[PlyCount "77"]
[EventDate "2010.02.13"]
[EventType "tourn"]
[EventRounds "9"]
[EventCountry "ENG"]
[SourceTitle "CBM 135 Extra"]
[Source "ChessBase"]
[SourceDate "2010.05.04"]
[SourceVersion "1"]
[SourceVersionDate "2010.05.04"]
[SourceQuality "1"]

1. d4 Nf6 2. c4 g6 3. Nc3 Bg7 4. e4 d6 5. f4 c5 6. d5 0-0 7. Nf3 e6 8. dxe6 Bxe6 9. Bd3 Nc6 10. 0-0 Re8 11. f5 Bd7 12. fxg6 fxg6 13. Bg5 h6 14. Bf4 Bg4 15. Qd2 Bxf3 16. gxf3 g5 17. Be3 Rf8 18. Rad1 Nh5 19. Be2 Be5 20. Nb5 Rf6 21. Kh1 a6 22. Nc3 Nf4 23. Nd5 Rf7 24. a3 Nd4 25. Bxd4 Bxd4 26. Nxf4 Rxf4 27. e5 Bxe5 28. Qd5+ Kh8 29. Bd3 Qe7 30. Be4 Rb8 31. b4 Rh4 32. Rf2 cxb4 33. axb4 b6 34. Rg2 Qf6 35. Qd2 Bf4 36. Qd5 Be5 37. Qd2 Bf4 38. Qd5 Be5 39. Qd2 1/2-1/2

[Event "Uxbridge op"]
[Site "Uxbridge"]
[Date "2009.09.20"]
[Round "5"]
[White "Bailey, Kevin J"]
[Black "Malhotra, Tarun"]
[Result "1-0"]
[WhiteElo "2083"]
[BlackElo "1730"]
[PlyCount "115"]
[EventDate "2009.09.18"]
[EventType "swiss"]
[EventRounds "5"]
[EventCountry "ENG"]
[SourceTitle "CBM 132 Extra"]
[Source "ChessBase"]
[SourceDate "2009.11.03"]
[SourceVersion "1"]
[SourceVersionDate "2009.11.03"]
[SourceQuality "1"]

1. e4 e5 2. Nf3 Nc6 3. Bb5 a6 4. Bxc6 dxc6 5. d4 exd4 6. Qxd4 Qxd4 7. Nxd4 Bc5 8. Be3 Bb6 9. Nc3 Nf6 10. f3 Bd7 11. 0-0-0 0-0-0 12. Rhe1 Kb8 13. Nb3 h6 14. Bc5 Bxc5 15. Nxc5 Bc8 16. Rxd8 Rxd8 17. Rd1 Rxd1+ 18. Kxd1 b6 19. Nd3 Kb7 20. Kd2 Be6 21. Ke3 c5 22. a3 Kc6 23. Nf4 Kd6 24. Nxe6 Kxe6 25. Ne2 b5 26. h3 Nd7 27. f4 Nb6 28. b3 c6 29. Nc1 a5 30. g4 b4 31. a4 c4 32. Kd4 Kd6 33. e5+ Kc7 34. f5 cxb3 35. cxb3 Nd5 36. Nd3 Ne7 37. Nf4 g5 38. Nd3 Nd5 39. Kc5 Nf4 40. Nf2 Nd5 41. Ne4 Nb6 42. e6 fxe6 43. fxe6 Nd5 44. Ng3 Nf4 45. e7 Kd7 46. Nf5 Nd5 47. Nxh6 Kxe7 48. Kxc6 Ke6 49. Kb5 Ne7 50. Kxa5 Kf6 51. Kxb4 Kg6 52. Nf5 Nxf5 53. gxf5+ Kxf5 54. a5 Kf4 55. a6 Kg3 56. a7 Kxh3 57. a8Q g4 58. Qh1+ 1-0

[Event "Uxbridge op"]
[Site "Uxbridge"]
[Date "2009.09.20"]
[Round "4"]
[White "Holland, James P"]
[Black "Bailey, Kevin J"]
[Result "1/2-1/2"]
[WhiteElo "1943"]
[BlackElo "2083"]
[PlyCount "50"]
[EventDate "2009.09.18"]
[EventType "swiss"]
[EventRounds "5"]
[EventCountry "ENG"]
[SourceTitle "CBM 132 Extra"]
[Source "ChessBase"]
[SourceDate "2009.11.03"]
[SourceVersion "1"]
[SourceVersionDate "2009.11.03"]
[SourceQuality "1"]

1. e4 e5 2. Nf3 Nc6 3. Nc3 Nf6 4. d4 exd4 5. Nxd4 Bb4 6. Nxc6 bxc6 7. Bd3 d5 8. exd5 cxd5 9. 0-0 0-0 10. Bg5 c6 11. Qf3 Bd6 12. Bxf6 Qxf6 13. Qxf6 gxf6 14. Ne2 Rb8 15. b3 Bd7 16. Rad1 Rfe8 17. c4 Bg4 18. f3 Bc5+ 19. Kh1 Be6 20. cxd5 Bxd5 21. Nf4 Re5 22. Bb1 Bb6 23. Nxd5 Rxd5 24. Be4 Rxd1 25. Rxd1 c5 1/2-1/2

[Event "Uxbridge op"]
[Site "Uxbridge"]
[Date "2009.09.19"]
[Round "2"]
[White "Coates, David H"]
[Black "Bailey, Kevin J"]
[Result "1/2-1/2"]
[WhiteElo "2067"]
[BlackElo "2083"]
[PlyCount "106"]
[EventDate "2009.09.18"]
[EventType "swiss"]
[EventRounds "5"]
[EventCountry "ENG"]
[SourceTitle "CBM 132 Extra"]
[Source "ChessBase"]
[SourceDate "2009.11.03"]
[SourceVersion "1"]
[SourceVersionDate "2009.11.03"]
[SourceQuality "1"]

1. e4 e6 2. d4 d5 3. Nc3 Bb4 4. e5 c5 5. a3 Bxc3+ 6. bxc3 Ne7 7. Qg4 cxd4 8. Qxg7 Rg8 9. Qxh7 Qa5 10. Ne2 Nbc6 11. f4 Bd7 12. Qd3 Nf5 13. Bd2 Qa4 14. cxd4 Ncxd4 15. Nxd4 Nxd4 16. Rc1 Nf5 17. g3 Rc8 18. Bg2 Bb5 19. Qb3 Qa6 20. c3 Bd3 21. Bf1 Bxf1 22. Rxf1 Rc6 23. Rf3 Rb6 24. Qa2 Qa4 25. c4 d4 26. c5 Ra6 27. Qb3 Qc6 28. Rb1 b6 29. Qb5 Qxb5 30. Rxb5 Kd7 31. Rfb3 Kc6 32. cxb6 Rxb6 33. Rxb6+ axb6 34. Kf2 Rb8 35. g4 Ne7 36. Kf3 Kd5 37. Bb4 Nc6 38. Bd6 Kc4 39. Rb2 Kc3 40. Rb1 Kc2 41. Rg1 Ra8 42. Ke4 d3 43. Ke3 Na5 44. Rg2+ Kc3 45. Bb4+ Kc4 46. h4 Nb3 47. h5 Rd8 48. Bd2 Nxd2 49. Rxd2 Kc3 50. h6 b5 51. g5 Kc4 52. Ke4 Kc3 53. Ke3 Kc4 1/2-1/2

[Event "Uxbridge A2Bmedialtd.com-C"]
[Site "Uxbridge"]
[Date "2009.08.15"]
[Round "6"]
[White "Arkell, Keith C"]
[Black "Bailey, Kevin J"]
[Result "1-0"]
[WhiteElo "2521"]
[BlackElo "2082"]
[PlyCount "57"]
[EventDate "2009.08.12"]
[EventType "tourn"]
[EventRounds "9"]
[EventCountry "ENG"]
[SourceTitle "CBM 131 Extra"]
[Source "ChessBase"]
[SourceDate "2009.09.03"]
[SourceVersion "2"]
[SourceVersionDate "2009.09.16"]
[SourceQuality "1"]

1. d4 d5 2. c4 e6 3. Nf3 Nf6 4. cxd5 exd5 5. Nc3 Be7 6. Bg5 c6 7. e3 Bf5 8. Bxf6 Bxf6 9. Bd3 Bxd3 10. Qxd3 0-0 11. b4 Qd6 12. Rb1 Nd7 13. 0-0 a6 14. a4 Rfe8 15. Rfc1 Bd8 16. b5 axb5 17. axb5 Re6 18. bxc6 bxc6 19. Qc2 Rh6 20. Ne2 Rf6 21. Nf4 Bc7 22. Rb7 Rc8 23. Qa4 h6 24. h4 c5 25. Qb5 Rxf4 26. exf4 Qxf4 27. Re1 Nf6 28. dxc5 Ng4 29. Qd7 1-0